000 00872nam a2200241 4500
999 _c12912
_d12912
003 MIRAKIL
005 20190312173507.0
008 190312b tu ||||| |||| 00| 0 tur d
020 _a9786053994114
040 _aTR-AnCHP
_cTR-AnCHP
041 _aeng
082 _a331.4
_bE52 2015
245 1 0 _aEmancipation in exile :
_bperspectives on the emporwerment of migrant women /
_ceditörler Nermin Abadan-Unat, Gretty Mirdal.
260 _aİstanbul :
_bİstanbul Bilgi Üniversitesi,
_c2015.
300 _axvi, 281 s. ;
_c24 sm.
490 0 _aİstanbul Bilgi Üniversitesi yayınları;
_aGöç çalışmaları;
_v524.
_v18.
504 _aKaynakça ve dizin vardır.
650 0 _95439
_aKadın göçmenler
650 0 _95440
_aGöç ve göçmenlik
_xEkonomik yönler
700 _95441
_aAbadan-Unat, Nermin
_eed.
700 _95442
_aMirdal, Gretty
_eed
942 _2ddc
_cBKS